[Event "Mercredi 2014.11.19 ABCDEF"]
[Site "Montreal CAN"]
[Date "2014.11.19"]
[Round "1"]
[White "Zumsteg, Nicolas"]
[Black "Gauthier, Luc"]
[Result "0-1"]
[WhiteElo "1717"]
[BlackElo "1728"]
[PlyCount "78"]
[EventDate "2014.11.19"]
[EventType "tourn"]
[EventRounds "5"]
[EventCountry "CAN"]

1. d4 d5 2. c4 Nc6 3. cxd5 Qxd5 4. Nf3 e5 5. Nc3 Bb4 6. Bd2 Bxc3 7. Bxc3 e4 8.
Ne5 Nge7 9. e3 Be6 10. Bc4 Qd6 11. Qb3 Nxe5 12. dxe5 Bxc4 13. Qxc4 Qc6 14.
Qxc6+ Nxc6 15. Rd1 Rd8 16. Ke2 Ke7 17. f4 Rxd1 18. Rxd1 Rd8 19. Rxd8 Nxd8 20.
f5 h5 21. h3 Nc6 22. g4 hxg4 23. hxg4 g6 24. Kf2 b5 25. Bd4 a5 26. Ke2 Kd7 27.
a3 gxf5 28. gxf5 Ne7 29. e6+ fxe6 30. fxe6+ Kxe6 31. Kd2 Kd5 32. b3 c5 33. Bc3
Nc6 34. Kc2 c4 35. b4 axb4 36. axb4 Ke6 37. Kd2 Kf5 38. Ke2 Kg4 39. Bf6 Nxb4
0-1

[Event "Mercredi 2014.11.19 ABCDEF"]
[Site "Montreal CAN"]
[Date "2014.11.26"]
[Round "2"]
[White "Baran, Marius"]
[Black "Gates, Claude-Eric"]
[Result "0-1"]
[WhiteElo "1796"]
[BlackElo "1795"]
[PlyCount "96"]
[EventDate "2014.11.19"]
[EventType "tourn"]
[EventRounds "5"]
[EventCountry "CAN"]

1. e4 d5 2. exd5 Qxd5 3. Nf3 Nf6 4. Nc3 Qd6 5. Be2 a6 6. d4 Bf5 7. O-O Nc6 8.
Be3 e6 9. h3 Be7 10. Qd2 O-O-O 11. Rfd1 h6 12. Bd3 g5 13. g4 Bxd3 14. Qxd3 Nd5
15. Ne4 Qd7 16. Ng3 Bd6 17. c4 Ncb4 18. Qd2 Bxg3 19. cxd5 Qxd5 20. Kg2 Bd6 21.
a3 Nc6 22. Qe2 f5 23. Rg1 f4 24. Bd2 Nxd4 25. Qd1 Be5 26. Bc3 Qxf3+ 27. Qxf3
Nxf3 28. Kxf3 Bxc3 29. bxc3 Rd3+ 30. Kg2 Rxc3 31. Rge1 Re8 32. Re5 Kd7 33. Rd1+
Ke7 34. Rde1 Kf6 35. a4 Re7 36. a5 Rb3 37. h4 Rb5 38. Rxb5 axb5 39. Rb1 c6 40.
hxg5+ hxg5 41. Rc1 Re8 42. a6 bxa6 43. Rxc6 Rb8 44. Rxa6 b4 45. Ra2 b3 46. Rb2
Ke5 47. Re2+ Kd5 48. Rb2 Kc4 0-1

[Event "Mercredi 2014.11.19 ABCDEF"]
[Site "Montreal CAN"]
[Date "2014.11.26"]
[Round "2"]
[White "Cardin, Guillaume"]
[Black "Cloutier, Mathieu"]
[Result "0-1"]
[WhiteElo "2047"]
[BlackElo "1992"]
[PlyCount "78"]
[EventDate "2014.11.19"]
[EventType "tourn"]
[EventRounds "5"]
[EventCountry "CAN"]

1. d4 Nf6 2. c4 c5 3. d5 e6 4. Nc3 exd5 5. cxd5 d6 6. Nf3 g6 7. g3 Bg7 8. Bg2
O-O 9. O-O a6 10. a4 Re8 11. Bf4 Nh5 12. Bg5 Qc7 13. Qd2 b6 14. Rfc1 Nd7 15.
Rab1 Ndf6 16. Nh4 Ng4 17. h3 Ne5 18. b3 Rb8 19. g4 Nf6 20. Qf4 Nfd7 21. Ne4 b5
22. axb5 axb5 23. Rc3 Nxg4 24. Rf3 Nge5 25. Rg3 Bb7 26. Rd1 Kh8 27. Bh6 Rg8 28.
Qg5 f6 29. Bxg7+ Rxg7 30. Nxf6 Nf7 31. Qf4 g5 32. Qf5 Nh6 33. Qe6 Nf8 34. Qe3
gxh4 35. Ne8 Rxe8 36. Qxe8 hxg3 37. Qxf8+ Ng8 38. fxg3 Rxg3 39. Rf1 Bxd5 0-1

[Event "Mercredi 2014.11.19 ABCDEF"]
[Site "Montreal CAN"]
[Date "2014.11.26"]
[Round "2"]
[White "Dumouchel, Alain"]
[Black "Ouellet, Maili-Jade"]
[Result "0-1"]
[WhiteElo "1945"]
[BlackElo "1978"]
[PlyCount "144"]
[EventDate "2014.11.19"]
[EventType "tourn"]
[EventRounds "5"]
[EventCountry "CAN"]

1. e4 c5 2. Nf3 e6 3. d4 cxd4 4. Nxd4 a6 5. Nc3 b5 6. Bd3 Bc5 7. Nb3 Be7 8. O-O
Bb7 9. Be3 Qc7 10. a4 b4 11. Ne2 Nf6 12. a5 Bxe4 13. Bb6 Qb7 14. Bxe4 Nxe4 15.
f3 Nf6 16. Nc5 Qc6 17. Nd3 Nd5 18. Ne5 Qb7 19. Bf2 d6 20. Nc4 Nd7 21. Re1 O-O
22. Nd4 Rfc8 23. b3 Nc3 24. Qd2 d5 25. Nf5 Bc5 26. Ncd6 Bxd6 27. Nxd6 Qc6 28.
Nxc8 Rxc8 29. Bd4 f6 30. h4 e5 31. Bxc3 bxc3 32. Qf2 Nc5 33. h5 Rd8 34. b4 Nd7
35. Reb1 Qb5 36. Qf1 Rb8 37. Qxb5 Rxb5 38. Kf2 Nf8 39. Rb3 d4 40. Ke2 Ne6 41.
g3 Kf7 42. Kd3 Ke7 43. Kc4 Ng5 44. Rf1 Kd6 45. Rbb1 Ne6 46. Rbd1 Nc7 47. f4 Nd5
48. fxe5+ fxe5 49. Rb1 Ne3+ 50. Kd3 Nxf1 51. Rxf1 Rb7 52. Rf8 Kc6 53. Kc4 Rc7
54. Rb8 Rb7 55. Ra8 Rc7 56. Rb8 Kd6+ 57. Kd3 Kd5 58. Rd8+ Kc6 59. Rb8 Rb7 60.
Rc8+ Kd7 61. Rh8 h6 62. Ra8 Rxb4 63. Rxa6 Ke7 64. Rg6 Kf7 65. Rb6 Ra4 66. a6
Kg8 67. Rb8+ Kh7 68. Rb6 Ra1 69. Re6 Rd1+ 70. Kc4 Ra1 71. Kd5 d3 72. cxd3 c2
0-1

[Event "Mercredi 2014.11.19 ABCDEF"]
[Site "Montreal CAN"]
[Date "2014.11.26"]
[Round "2"]
[White "Gauthier, Denis"]
[Black "Heredia, Jose"]
[Result "1/2-1/2"]
[WhiteElo "1926"]
[BlackElo "1919"]
[PlyCount "68"]
[EventDate "2014.11.19"]
[EventType "tourn"]
[EventRounds "5"]
[EventCountry "CAN"]

1. d4 d5 2. c4 c6 3. Nf3 Nf6 4. e3 e6 5. b3 Bb4+ 6. Nbd2 Ne4 7. Bd3 Nd7 8. O-O
Ndf6 9. Qc2 Nxd2 10. Nxd2 O-O 11. Bb2 b6 12. a3 Be7 13. Nf3 Bb7 14. Ne5 c5 15.
f4 Ne4 16. Rad1 f6 17. Bxe4 dxe4 18. dxc5 Qc8 19. c6 Bxc6 20. Nxc6 Qxc6 21. Qc3
Rac8 22. a4 a5 23. Qc2 Bc5 24. Bd4 Rfd8 25. Qc3 Bb4 26. Qb2 Rd7 27. Qe2 Rcd8
28. Bb2 f5 29. Rxd7 Qxd7 30. Bd4 Bc5 31. Rd1 Qc7 32. Qb2 Rd7 33. g3 Qd8 34. Kf2
Qe8 1/2-1/2

[Event "Mercredi 2014.11.19 ABCDEF"]
[Site "Montreal CAN"]
[Date "2014.11.26"]
[Round "2"]
[White "Gauthier, Luc"]
[Black "Nica, Ion"]
[Result "1/2-1/2"]
[WhiteElo "1728"]
[BlackElo "1680"]
[PlyCount "63"]
[EventDate "2014.11.19"]
[EventType "tourn"]
[EventRounds "5"]
[EventCountry "CAN"]

1. e4 g6 2. d4 Bg7 3. Nc3 c5 4. Nge2 b6 5. Be3 Na6 6. Qd2 Bb7 7. f3 h5 8. h4
Rc8 9. Nb5 Ra8 10. Nf4 Nc7 11. a4 a6 12. Nxc7+ Qxc7 13. c3 c4 14. Ne2 e6 15.
Bf4 d6 16. Ng1 Ne7 17. Nh3 b5 18. Be2 Nc6 19. O-O Na5 20. Bd1 Bc6 21. d5 e5 22.
Be3 Bd7 23. Qf2 Qc8 24. Kh2 f5 25. Bb6 Nb3 26. Bxb3 cxb3 27. a5 f4 28. Rfc1 Qc4
29. Ng5 Bf6 30. Nh3 Rc8 31. Qe1 Rg8 32. Bf2 1/2-1/2

[Event "Mercredi 2014.11.19 ABCDEF"]
[Site "Montreal CAN"]
[Date "2014.11.26"]
[Round "2"]
[White "Johnson-Constantin, Matthieu"]
[Black "Fortin-Lavoie, Patrice"]
[Result "1-0"]
[WhiteElo "1744"]
[BlackElo "1786"]
[PlyCount "77"]
[EventDate "2014.11.19"]
[EventType "tourn"]
[EventRounds "5"]
[EventCountry "CAN"]

1. d4 d5 2. c4 Nc6 3. Nf3 Bg4 4. e3 e6 5. Nc3 Nf6 6. c5 a6 7. b4 Bxf3 8. gxf3
e5 9. b5 axb5 10. Bxb5 exd4 11. Bxc6+ bxc6 12. exd4 Be7 13. Be3 O-O 14. Rg1 Re8
15. a4 Bxc5 16. dxc5 d4 17. Ke2 dxc3 18. Qxd8 Raxd8 19. Rgd1 Nd5 20. Rd4 Rb8
21. Kd3 Red8 22. a5 f5 23. f4 Rb5 24. a6 Rxc5 25. a7 Ra8 26. Rxd5 Rxd5+ 27.
Kxc3 Kf7 28. Kc4 Rb5 29. Ra6 Rb6 30. Bxb6 cxb6 31. Kd4 c5+ 32. Kc4 Ke7 33. Kb5
c4 34. Kxb6 c3 35. Kb7 c2 36. Rc6 Rxa7+ 37. Kxa7 c1=Q 38. Rxc1 Kf6 39. Rc6+ 1-0

[Event "Mercredi 2014.11.19 ABCDEF"]
[Site "Montreal CAN"]
[Date "2014.11.26"]
[Round "2"]
[White "Langlois-Remillard, Alexis"]
[Black "Destree, Frederic"]
[Result "1-0"]
[WhiteElo "1852"]
[BlackElo "1898"]
[PlyCount "67"]
[EventDate "2014.11.19"]
[EventType "tourn"]
[EventRounds "5"]
[EventCountry "CAN"]

1. g3 Nf6 2. Bg2 g6 3. e4 d6 4. d4 Bg7 5. Ne2 O-O 6. O-O c5 7. c3 Nc6 8. h3 Qb6
9. b3 cxd4 10. cxd4 Nd7 11. Bb2 e5 12. d5 Ne7 13. Nd2 f5 14. Nc4 Qa6 15. Ba3
Rf6 16. Nc3 b5 17. Bxd6 Rxd6 18. Nxd6 Qxd6 19. Nxb5 Qb6 20. d6 Qxb5 21. dxe7
Bb7 22. a4 Qc6 23. Rc1 Nc5 24. Rxc5 Qxc5 25. Qd8+ Bf8 26. e8=Q Rxd8 27. Qxd8
fxe4 28. Rd1 Qc2 29. Rd7 e3 30. Rxb7 Qxf2+ 31. Kh1 e2 32. Qd5+ Kh8 33. Qxe5+
Kg8 34. Bd5+ 1-0

[Event "Mercredi 2014.11.19 ABCDEF"]
[Site "Montreal CAN"]
[Date "2014.11.26"]
[Round "2"]
[White "Nunez, Omar"]
[Black "Boudreau, Daniel"]
[Result "0-1"]
[WhiteElo "2061"]
[BlackElo "2109"]
[PlyCount "116"]
[EventDate "2014.11.19"]
[EventType "tourn"]
[EventRounds "5"]
[EventCountry "CAN"]

1. Nf3 c5 2. g3 Nc6 3. Bg2 e5 4. d3 g6 5. O-O Bg7 6. e4 Nge7 7. Be3 d6 8. Qd2
O-O 9. Bh6 f5 10. Nc3 f4 11. Bxg7 Kxg7 12. Ne2 Bg4 13. c3 Bxf3 14. Bxf3 g5 15.
d4 cxd4 16. cxd4 Qb6 17. gxf4 Nxd4 18. Nxd4 Qxd4 19. Qxd4 exd4 20. f5 Kf6 21.
Rfd1 Ke5 22. Rd2 Nc6 23. Rad1 a5 24. a3 a4 25. Kf1 Kf4 26. Bg2 g4 27. Ke2 Ra5
28. f3 gxf3+ 29. Bxf3 Ne5 30. Bh1 d3+ 31. Kf2 Rc5 32. Rf1 Rc2 33. Rxc2 dxc2 34.
Ke2+ Kg5 35. Rg1+ Kf4 36. Rf1+ Kg5 37. Rg1+ Kf6 38. Rc1 Rc8 39. Kd2 Nc4+ 40.
Kxc2 Nxa3+ 41. Kd1 Nc4 42. e5+ dxe5 43. Bxb7 Nxb2+ 44. Kd2 Rxc1 45. Kxc1 Nc4
46. Bc8 a3 47. Kb1 Nd6 48. Be6 Nxf5 49. Bg8 h5 50. Bd5 Ne3 51. Ba2 Kf5 52. Kc1
Kf4 53. h3 h4 54. Kd2 Kf3 55. Be6 e4 56. Ke1 Nc2+ 57. Kd2 Nb4 58. Kc3 a2 0-1

[Event "Mercredi 2014.11.19 ABCDEF"]
[Site "Montreal CAN"]
[Date "2014.12.08"]
[Round "2"]
[White "Pomerantz, Daniel"]
[Black "Morin, Louis"]
[Result "1-0"]
[WhiteElo "1930"]
[BlackElo "1972"]
[PlyCount "131"]
[EventDate "2014.11.19"]
[EventType "tourn"]
[EventRounds "5"]
[EventCountry "CAN"]

1. e4 e5 2. Nf3 d6 3. d4 Nf6 4. Nc3 Nbd7 5. Be2 Be7 6. Be3 c6 7. a4 O-O 8. O-O
Qc7 9. a5 Ng4 10. Bd2 Rb8 11. h3 Ngf6 12. Re1 b5 13. axb6 axb6 14. d5 Bb7 15.
dxc6 Bxc6 16. Bb5 Nc5 17. Bxc6 Qxc6 18. Bg5 Ra8 19. Qe2 Ne6 20. Bxf6 Nf4 21.
Qb5 Qxb5 22. Nxb5 gxf6 23. c4 Nd3 24. Nc7 Rxa1 25. Rxa1 d5 26. Nxd5 Bc5 27.
Nxf6+ Kg7 28. Ng4 h5 29. Ngxe5 Nxf2 30. b4 Be3 31. Re1 Ng4+ 32. Kf1 Nxe5 33.
Nxe5 Bd2 34. Rb1 Re8 35. Nd7 b5 36. cxb5 Rxe4 37. b6 Bf4 38. b7 Re8 39. Nc5 Bg3
40. b5 Re5 41. Nd7 Re8 42. b6 h4 43. b8=Q Bxb8 44. Nxb8 Rxb8 45. b7 Kg6 46. Ke2
Kg5 47. Kf3 Kf5 48. Rb5+ Ke6 49. Kg4 Kd6 50. Kxh4 Kc7 51. Kg4 Rg8+ 52. Kf3 Kb8
53. g4 Rg6 54. h4 Rh6 55. h5 f5 56. gxf5 Rxh5 57. Kg4 Rh1 58. Kg5 Rg1+ 59. Kf6
Rf1 60. Ke6 Re1+ 61. Kf7 Rf1 62. f6 Rf2 63. Ke7 Re2+ 64. Kf8 Rf2 65. f7 Rf1 66.
Kg7 1-0

[Event "Mercredi 2014.11.19 ABCDEF"]
[Site "Montreal CAN"]
[Date "2014.11.26"]
[Round "2"]
[White "Salazar, Andres"]
[Black "Beaulieu, Pierre"]
[Result "0-1"]
[WhiteElo "1821"]
[BlackElo "1894"]
[PlyCount "74"]
[EventDate "2014.11.19"]
[EventType "tourn"]
[EventRounds "5"]
[EventCountry "CAN"]

1. d4 Nf6 2. c4 c5 3. d5 b5 4. cxb5 a6 5. Bg5 Ne4 6. Bf4 Qa5+ 7. Nd2 Nf6 8. Qc2
Bb7 9. e4 d6 10. Qc3 axb5 11. Qxa5 Rxa5 12. Nb3 Ra7 13. Bxb5+ Nbd7 14. Nd2 g6
15. Ne2 Bg7 16. Nc3 O-O 17. O-O Ba6 18. a4 Rb8 19. Nc4 Nh5 20. Bxa6 Rxa6 21.
Bd2 Rb4 22. Na3 Rxb2 23. Be1 Rb4 24. Nab5 Nf4 25. Nc7 Rab6 26. a5 Rb8 27. Na6
Ra8 28. Nc7 Rc8 29. N3b5 Rxb5 30. Nxb5 Bxa1 31. a6 Ra8 32. a7 Ne2+ 33. Kh1 Nd4
34. Nxd4 Bxd4 35. Ba5 Rxa7 36. Bd8 Bf6 37. Rb1 Ra8 0-1

[Event "Mercredi 2014.11.19 ABCDEF"]
[Site "Montreal CAN"]
[Date "2014.11.26"]
[Round "2"]
[White "Zroud, Hicham"]
[Black "Brassard, Sylvain"]
[Result "1-0"]
[WhiteElo "1757"]
[BlackElo "1786"]
[PlyCount "63"]
[EventDate "2014.11.19"]
[EventType "tourn"]
[EventRounds "5"]
[EventCountry "CAN"]

1. e4 c5 2. Nc3 Nc6 3. f4 Nd4 4. Nb5 Nxb5 5. Bxb5 a6 6. Bc4 b5 7. Bd5 Rb8 8. d3
e6 9. Bb3 Qh4+ 10. Kf1 Bb7 11. Nf3 Qd8 12. Qe2 Nf6 13. c4 Be7 14. Kf2 Ng4+ 15.
Kg3 h5 16. h3 Nh6 17. Rf1 d6 18. Bd2 b4 19. Kh2 f5 20. Kg1 h4 21. a3 Qb6 22.
axb4 cxb4+ 23. Be3 Qc7 24. Bd4 Kf7 25. Ng5+ Bxg5 26. fxg5 Ng8 27. exf5 e5 28.
c5+ Kf8 29. cxd6 Qxd6 30. Bxe5 Qb6+ 31. Kh1 Re8 32. Bxg7+ 1-0

[Event "Mercredi 2014.11.19 ABCDEF"]
[Site "Montreal CAN"]
[Date "2014.12.03"]
[Round "3"]
[White "Beaulieu, Pierre"]
[Black "Langlois-Remillard, Alexis"]
[Result "1-0"]
[WhiteElo "1894"]
[BlackElo "1852"]
[PlyCount "109"]
[EventDate "2014.11.19"]
[EventType "tourn"]
[EventRounds "5"]
[EventCountry "CAN"]

1. e4 Nc6 2. Bc4 Nf6 3. Nc3 g6 4. d4 e5 5. d5 Ne7 6. Bg5 Bg7 7. d6 Nc6 8. Nd5
cxd6 9. Bxf6 Bxf6 10. Qf3 Be7 11. h4 Nd4 12. Qd3 Ne6 13. h5 b6 14. hxg6 fxg6
15. Ne2 Bb7 16. Nec3 Rc8 17. O-O-O Nc5 18. Qe2 a6 19. b4 b5 20. bxc5 bxc4 21.
Nxe7 Qxe7 22. cxd6 Qe6 23. Qe3 O-O 24. Qa7 Bc6 25. f3 Ra8 26. Qc5 Rac8 27. Nd5
Bxd5 28. Qxd5 Rfe8 29. Kb2 Qxd5 30. Rxd5 Rc6 31. Kc3 Re6 32. Rhd1 Kf7 33. Rh1
h5 34. g4 hxg4 35. fxg4 Rcxd6 36. Kxc4 Rc6+ 37. Kd3 Red6 38. c4 Rxd5+ 39. exd5
Rf6 40. Rh7+ Ke8 41. Rg7 Rf2 42. a4 Rf3+ 43. Ke4 Rf4+ 44. Kxe5 Rxg4 45. c5 Rg5+
46. Kd6 a5 47. Re7+ Kd8 48. Rxd7+ Kc8 49. Rg7 Rf5 50. Rxg6 Rf8 51. c6 Rd8+ 52.
Kc5 Kc7 53. d6+ Kc8 54. Rg7 Rg8 55. Rxg8# 1-0

[Event "Mercredi 2014.11.19 ABCDEF"]
[Site "Montreal CAN"]
[Date "2014.12.03"]
[Round "3"]
[White "Brassard, Sylvain"]
[Black "Baran, Marius"]
[Result "1-0"]
[WhiteElo "1786"]
[BlackElo "1796"]
[PlyCount "151"]
[EventDate "2014.11.19"]
[EventType "tourn"]
[EventRounds "5"]
[EventCountry "CAN"]

1. d4 d5 2. c4 e6 3. Nc3 Nf6 4. Bg5 Be7 5. e3 O-O 6. Nf3 h6 7. Bh4 Ne4 8. Bxe7
Qxe7 9. Qc2 Nxc3 10. Qxc3 c6 11. Bd3 dxc4 12. Bxc4 Nd7 13. O-O c5 14. Rac1 b6
15. Rfd1 Bb7 16. Be2 Rfc8 17. b3 cxd4 18. Qxd4 Rxc1 19. Rxc1 e5 20. Qb2 Bxf3
21. Bxf3 e4 22. Be2 Ne5 23. Qc2 f5 24. Rd1 Rd8 25. Kf1 Kf7 26. Rxd8 Qxd8 27.
Ke1 Qd6 28. Qd2 Qxd2+ 29. Kxd2 g5 30. Kc3 Ke6 31. Kd4 Kd6 32. h3 Nc6+ 33. Kc4
Ne5+ 34. Kd4 Nc6+ 35. Kc4 a6 36. a4 Ne5+ 37. Kc3 a5 38. Kd4 Nd7 39. g4 fxg4 40.
Bxg4 Nc5 41. Bd1 Ke6 42. Kc4 Kd6 43. Kb5 Kc7 44. Kc4 Nd3 45. Bg4 Nxf2 46. Kd5
Nd3 47. Kxe4 Nc5+ 48. Kf5 Kd6 49. Bd1 Ne6 50. Kg6 Ke5 51. Bc2 h5 52. Kxh5 Kf6
53. Kg4 Nc5 54. Kf3 Ke5 55. Kg4 Kf6 56. e4 Ne6 57. e5+ Kxe5 58. Bd3 Kf6 59. Bc4
Nf8 60. Kf3 Nd7 61. Ke4 Nc5+ 62. Kd5 Ke7 63. Kc6 Nd7 64. Kc7 Ne5 65. Kxb6 Kd6
66. Bb5 Ng6 67. Kxa5 Nf4 68. Bf1 Kc7 69. b4 Ne6 70. b5 Kb7 71. Bg2+ Ka7 72. b6+
Kb8 73. Kb5 Nf4 74. Bf1 Nd5 75. a5 Nc3+ 76. Kc6 1-0

[Event "Mercredi 2014.11.19 ABCDEF"]
[Site "Montreal CAN"]
[Date "2014.12.03"]
[Round "3"]
[White "Cloutier, Mathieu"]
[Black "Pomerantz, Daniel"]
[Result "1-0"]
[WhiteElo "1992"]
[BlackElo "1930"]
[PlyCount "55"]
[EventDate "2014.11.19"]
[EventType "tourn"]
[EventRounds "5"]
[EventCountry "CAN"]

1. e4 c5 2. Nf3 Nc6 3. d4 cxd4 4. Nxd4 Nf6 5. Nc3 d6 6. Bc4 Qb6 7. Nb3 e6 8.
O-O Be7 9. Be2 O-O 10. Qd3 a6 11. Qg3 Nb4 12. Bh6 Ne8 13. Be3 Qc7 14. Rac1 b5
15. f4 Bb7 16. a3 Nc6 17. Bf3 Bf6 18. e5 dxe5 19. Ne4 Be7 20. Nbc5 Nf6 21. fxe5
Nxe4 22. Bxe4 Rfd8 23. Nxb7 Qxb7 24. Qf3 Rac8 25. Qxf7+ Kh8 26. Qh5 g6 27. Bxg6
Bf8 28. Rf7 1-0

[Event "Mercredi 2014.11.19 ABCDEF"]
[Site "Montreal CAN"]
[Date "2014.12.03"]
[Round "3"]
[White "Destree, Frederic"]
[Black "Gauthier, Denis"]
[Result "1/2-1/2"]
[WhiteElo "1898"]
[BlackElo "1926"]
[PlyCount "146"]
[EventDate "2014.11.19"]
[EventType "tourn"]
[EventRounds "5"]
[EventCountry "CAN"]

1. Nf3 Nf6 2. g3 d5 3. Bg2 Bg4 4. O-O Nbd7 5. d3 c6 6. Nbd2 e6 7. b3 Be7 8. Bb2
O-O 9. c4 Qc7 10. Rc1 Rfe8 11. Qc2 h6 12. Rfe1 Bf5 13. e4 dxe4 14. dxe4 Bh7 15.
Qc3 Nc5 16. Ne5 Rad8 17. Rcd1 Bf8 18. f3 a5 19. Nf1 Rxd1 20. Rxd1 Rd8 21. Rxd8
Qxd8 22. Ne3 Nh5 23. N5g4 f6 24. Nf2 f5 25. exf5 exf5 26. Bh3 Qg5 27. Qe5 f4
28. Nf5 fxg3 29. hxg3 Bxf5 30. Bxf5 Nxg3 31. Bg4 Qxe5 32. Bxe5 Ne2+ 33. Kf1 Nc1
34. Bc7 Nxa2 35. Bxa5 Nxb3 36. Bb6 Nd2+ 37. Ke2 Bb4 38. c5 Nc1+ 39. Kd1 Ncb3
40. Nd3 Ba3 41. Kc2 Kf8 42. Bc8 Bxc5 43. Nxc5 Nxc5 44. Kxd2 Na4 45. Ba7 b6 46.
Bd7 Nc5 47. Bxc6 Ne6 48. Bxb6 Ke7 49. Ke3 Kf6 50. f4 g5 51. fxg5+ Kxg5 52. Kf3
h5 53. Bd7 Ng7 54. Bd8+ Kg6 55. Kf4 Kf7 56. Bh4 Kg6 57. Ke5 Kf7 58. Bh3 Kg6 59.
Bf1 Kf7 60. Be2 Kg6 61. Bd3+ Kf7 62. Bg5 Ne8 63. Bc2 Kg7 64. Ke6 Nc7+ 65. Kf5
Ne8 66. Bf4 Kf7 67. Kg5 Ke6 68. Kxh5 Nd6 69. Bd3 Kd5 70. Kg5 Ne4+ 71. Kf5 Nd6+
72. Kg4 Ne4 73. Kf3 Nd6 1/2-1/2

[Event "Mercredi 2014.11.19 ABCDEF"]
[Site "Montreal CAN"]
[Date "2014.12.03"]
[Round "3"]
[White "Fortin-Lavoie, Patrice"]
[Black "Zroud, Hicham"]
[Result "0-1"]
[WhiteElo "1786"]
[BlackElo "1757"]
[PlyCount "96"]
[EventDate "2014.11.19"]
[EventType "tourn"]
[EventRounds "5"]
[EventCountry "CAN"]

1. d4 Nf6 2. Bg5 Ne4 3. Bf4 e6 4. e3 Bd6 5. Bxd6 Nxd6 6. Bd3 b6 7. c4 Bb7 8.
Nf3 Ne4 9. Ne5 O-O 10. Qf3 f5 11. Bc2 d6 12. Nd3 Nc5 13. d5 Nbd7 14. Nf4 e5 15.
Nh3 Qh4 16. Nd2 f4 17. b4 Ne6 18. Ne4 fxe3 19. Qxe3 Nd4 20. Bd3 b5 21. Rc1 Nb6
22. Neg5 h6 23. g3 Qg4 24. Qe4 Qxe4+ 25. Nxe4 bxc4 26. Bxc4 Nxc4 27. Rxc4 Bxd5
28. Rxd4 exd4 29. f3 Rxf3 30. Nhf2 Re3+ 31. Kd2 Bxe4 32. Nxe4 Rxe4 33. Rc1 Rc8
34. Rc6 Re7 35. a4 Kf8 36. Kd3 Rb8 37. b5 Rb6 38. Rc2 a6 39. bxa6 Rxa6 40. Ra2
c5 41. Kc4 Rb7 42. Kd5 Ke7 43. Re2+ Kd7 44. Rf2 Ke7 45. Re2+ Kf7 46. Rf2+ Kg8
47. Ra2 Rb4 48. a5 Rb5 0-1

[Event "Mercredi 2014.11.19 ABCDEF"]
[Site "Montreal CAN"]
[Date "2014.12.03"]
[Round "3"]
[White "Gates, Claude-Eric"]
[Black "Johnson-Constantin, Matthieu"]
[Result "0-1"]
[WhiteElo "1795"]
[BlackElo "1744"]
[PlyCount "72"]
[EventDate "2014.11.19"]
[EventType "tourn"]
[EventRounds "5"]
[EventCountry "CAN"]

1. d4 Nf6 2. c4 g6 3. Nc3 Bg7 4. e4 d6 5. f3 O-O 6. Be3 e5 7. Nge2 Nc6 8. d5
Ne7 9. g4 Ne8 10. Ng3 f5 11. gxf5 gxf5 12. Nh5 f4 13. Nxg7 Nxg7 14. Bf2 Ng6 15.
Qb3 b6 16. O-O-O Kh8 17. h4 Nh5 18. Ne2 Rf6 19. Qc3 Qe7 20. Bg2 Bd7 21. Rdg1
Rg8 22. b4 Nf8 23. c5 Bb5 24. cxd6 cxd6 25. Bf1 Rfg6 26. Rxg6 Nxg6 27. Nxf4
Ngxf4 28. Bxb5 Rg2 29. Rg1 Rxg1+ 30. Bxg1 Qxh4 31. Qc8+ Kg7 32. Qd7+ Kh6 33.
Qxd6+ Ng6 34. Be3+ Nhf4 35. Kd2 Qh2+ 36. Be2 Qxe2+ 0-1

[Event "Mercredi 2014.11.19 ABCDEF"]
[Site "Montreal CAN"]
[Date "2014.12.03"]
[Round "3"]
[White "Heredia, Jose"]
[Black "Salazar, Andres"]
[Result "1-0"]
[WhiteElo "1919"]
[BlackElo "1821"]
[PlyCount "97"]
[EventDate "2014.11.19"]
[EventType "tourn"]
[EventRounds "5"]
[EventCountry "CAN"]

1. e4 e5 2. Nf3 Nc6 3. Bb5 a6 4. Ba4 Nf6 5. Qe2 b5 6. Bb3 Bc5 7. c3 Bb7 8. O-O
O-O 9. d3 Qe7 10. h3 Na5 11. Bc2 Bb6 12. Nbd2 c5 13. Re1 h6 14. Nf1 d6 15. Ng3
Bc8 16. Be3 Be6 17. Nf5 Bxf5 18. exf5 Nc6 19. Nh2 Qd7 20. g4 d5 21. Rad1 d4 22.
Bc1 Nd5 23. c4 Nf4 24. Qf3 Bc7 25. a3 Qd6 26. Re4 Rab8 27. b3 Qf6 28. Bxf4 exf4
29. cxb5 axb5 30. Qe2 Qh4 31. Kg2 Ra8 32. Nf3 Qf6 33. a4 Nb4 34. Rc1 Na2 35.
Rd1 Nc3 36. Qf1 Nxe4 37. dxe4 Ba5 38. Rb1 Bc3 39. axb5 Ra2 40. Bd3 Rfa8 41. Qc1
Ra1 42. Rxa1 Rxa1 43. Qxf4 Qd8 44. Qe5 Bb4 45. Bc4 d3 46. Bxf7+ Kxf7 47. Qe6+
Kf8 48. Ne5 g6 49. Qf7# 1-0

[Event "Mercredi 2014.11.19 ABCDEF"]
[Site "Montreal CAN"]
[Date "2014.12.08"]
[Round "3"]
[White "Lopez Linares, Lizandro"]
[Black "Nunez, Omar"]
[Result "1-0"]
[WhiteElo "2104"]
[BlackElo "2061"]
[PlyCount "79"]
[EventDate "2014.11.19"]
[EventType "tourn"]
[EventRounds "5"]
[EventCountry "CAN"]

1. d4 g6 2. Nf3 Bg7 3. Bf4 d6 4. e3 Nf6 5. h3 O-O 6. Be2 Ne4 7. O-O b6 8. Nbd2
Nxd2 9. Qxd2 Bb7 10. Rfd1 Nd7 11. c4 c5 12. d5 Nf6 13. a4 a5 14. Qc2 Nd7 15. e4
f6 16. Bh2 Nb8 17. Ne1 Bc8 18. f4 Na6 19. Nf3 Ra7 20. Qd2 Nb4 21. b3 Kh8 22.
Qc3 Qe8 23. e5 Bf5 24. g4 fxe5 25. fxe5 Bc2 26. Rdc1 Be4 27. Ng5 Nxd5 28. cxd5
Bxd5 29. Bb5 Qa8 30. Rf1 h6 31. Rxf8+ Qxf8 32. Rf1 Qg8 33. Nf3 Bxb3 34. Qd3 c4
35. Qxg6 d5 36. Nd4 Rc7 37. Ne6 Rc8 38. Bd7 Ra8 39. g5 hxg5 40. Nxg5 1-0

[Event "Mercredi 2014.11.19 ABCDEF"]
[Site "Montreal CAN"]
[Date "2014.12.03"]
[Round "3"]
[White "Morin, Louis"]
[Black "Dumouchel, Alain"]
[Result "0-1"]
[WhiteElo "1972"]
[BlackElo "1945"]
[PlyCount "110"]
[EventDate "2014.11.19"]
[EventType "tourn"]
[EventRounds "5"]
[EventCountry "CAN"]

1. e4 c5 2. d4 cxd4 3. c3 dxc3 4. Nxc3 d6 5. Bc4 Nc6 6. Nf3 a6 7. O-O Nf6 8. h3
e6 9. Qe2 Be7 10. Rd1 Qc7 11. Bf4 Ne5 12. Bxe5 dxe5 13. Rac1 O-O 14. Bb3 Qb8
15. Na4 Nd7 16. Rxd7 Bxd7 17. Nb6 Bb5 18. Bc4 Bxc4 19. Rxc4 Qd6 20. Nxa8 Rxa8
21. Qc2 Rd8 22. Rc8 f6 23. Qc7 Rxc8 24. Qxc8+ Kf7 25. Qxb7 a5 26. Qb5 Qd1+ 27.
Kh2 a4 28. Qc4 g6 29. b4 Bd6 30. b5 Ke7 31. b6 Qb1 32. Qc6 f5 33. Qb7+ Kf6 34.
Qxh7 Qxe4 35. Qh8+ Ke7 36. Qg7+ Kd8 37. b7 Qf4+ 38. g3 Qxf3 39. Qg8+ Kd7 40.
Qc8+ Ke7 41. Kg1 Qd1+ 42. Kg2 Qd5+ 43. Kg1 Qb5 44. Qg8 Kd7 45. Qxg6 Qxb7 46.
Qf7+ Be7 47. h4 Qb1+ 48. Kg2 Qxa2 49. h5 Qd5+ 50. f3 a3 51. h6 a2 52. h7 a1=Q
53. Qe8+ Kxe8 54. h8=Q+ Kd7 55. Qh6 Qb2+ 0-1

[Event "Mercredi 2014.11.19 ABCDEF"]
[Site "Montreal CAN"]
[Date "2014.12.03"]
[Round "3"]
[White "Nesterov, Timour"]
[Black "Gauthier, Luc"]
[Result "1/2-1/2"]
[WhiteElo "1672"]
[BlackElo "1728"]
[PlyCount "151"]
[EventDate "2014.11.19"]
[EventType "tourn"]
[EventRounds "5"]
[EventCountry "CAN"]

1. e4 e5 2. Nf3 d6 3. Bc4 Be7 4. c3 Nf6 5. d3 O-O 6. Bg5 h6 7. Bh4 c6 8. Bb3
Nbd7 9. Nbd2 Nc5 10. Bc2 Ne6 11. Bg3 a5 12. a4 Nh5 13. Nc4 Nhf4 14. Ne3 g6 15.
Qd2 b5 16. O-O Ng5 17. Nxg5 hxg5 18. axb5 cxb5 19. d4 Bf6 20. Rfd1 Bb7 21. Ng4
Bg7 22. dxe5 Bxe5 23. Qe3 Qe7 24. Qb6 Ne2+ 25. Kf1 Nxg3+ 26. hxg3 a4 27. Bd3
Rfb8 28. Qe3 Bc8 29. Qe2 Bg7 30. Ne3 Bd7 31. Nd5 Qd8 32. Qe3 Be6 33. Nb4 Qc7
34. Bc2 a3 35. Rxa3 Rxa3 36. bxa3 Qxc3 37. Qxc3 Bxc3 38. Rxd6 Be5 39. Rc6 Bb2
40. Na6 Rd8 41. a4 Bc4+ 42. Kg1 Rd2 43. Nb4 Bc3 44. axb5 Bxb4 45. Rxc4 Ba5 46.
Rc6 Kf8 47. Bb3 Ke7 48. Ra6 Rb2 49. Rxa5 Rxb3 50. Ra7+ Kd6 51. Rb7 Kc5 52. Kh2
g4 53. Rxf7 Rxb5 54. Rf4 Rb2 55. Rxg4 Rxf2 56. Rxg6 Kd4 57. Rg4 Ke5 58. Kh3 Rf1
59. Rf4 Rh1+ 60. Kg4 Rg1 61. Kf3 Rf1+ 62. Ke2 Ra1 63. Kf3 Rf1+ 64. Kg4 Rg1 65.
Kg5 Rxg2 66. Rg4 Rg1 67. Kh5 Rh1+ 68. Rh4 Rg1 69. g4 Kxe4 70. Kh6 Ke5 71. g5
Kf5 72. Rh5 Rg2 73. g6+ Kf6 74. g7 Rxg7 75. Rf5+ Kxf5 76. Kxg7 1/2-1/2